Manual de antibióticos y quimioterapia moderna (Registro nro. 133863)

Detalles MARC
000 -LEADER
campo de control de longitud fija 00916nam a2200253 i 4500
001 - NÚMERO DE CONTROL
campo de control 133863
003 - IDENTIFICADOR DE NÚMERO DE CONTROL
campo de control ES-MaACL
005 - FECHA Y HORA DE LA ÚLTIMA TRANSACCIÓN
campo de control 20230906194541.0
007 - CAMPO FIJO DE DESCRIPCIÓN FÍSICA--INFORMACIÓN GENERAL
campo de control de longitud fija t|
008 - DATOS DE LONGITUD FIJA--INFORMACIÓN GENERAL
campo de control de longitud fija 070903s1958 sp ||||1| spa d
080 ## - NÚMERO DE LA CLASIFICACIÓN DECIMAL UNIVERSAL
Número de la Clasificación Decimal Universal 615.372
080 ## - NÚMERO DE LA CLASIFICACIÓN DECIMAL UNIVERSAL
Número de la Clasificación Decimal Universal 615.7(02)
100 1# - ENTRADA PRINCIPAL--NOMBRE DE PERSONA
Nombre de persona Walter, Albert M.
9 (RLIN) 116002
245 10 - MENCIÓN DEL TÍTULO
Título Manual de antibióticos y quimioterapia moderna
Resto del título : (su uso en Cirugía, Medicina y especialidades) /
Mención de responsabilidad, etc. por el Dr. Albert M. Walter... y el Dr. Ludwig Heilmeyer ; [prólogo del prof. Egidio S. Mazzei].
250 ## - MENCION DE EDICION
Mención de edición Edición española
Resto de la mención de edición revisada por el Dr. Ciril Rorman...
260 ## - PUBLICACIÓN, DISTRIBUCIÓN, ETC.
Lugar de publicación, distribución, etc. Barcelona :
Nombre del editor, distribuidor, etc. Praxis,
Fecha de publicación, distribución, etc. 1958.
300 ## - DESCRIPCIÓN FÍSICA
Extensión XI, 716 p. :
Otras características físicas il. ;
Dimensiones 24 cm.
650 14 - PUNTO DE ACCESO ADICIONAL DE MATERIA--TÉRMINO DE MATERIA
Término de materia o nombre geográfico como elemento de entrada Quimioterapia.
9 (RLIN) 16640
650 14 - PUNTO DE ACCESO ADICIONAL DE MATERIA--TÉRMINO DE MATERIA
Término de materia o nombre geográfico como elemento de entrada Antibióticos.
9 (RLIN) 9849
700 1# - ENTRADA AGREGADA--NOMBRE PERSONAL
Nombre de persona Heilmeyer, Ludwig.
9 (RLIN) 62357
700 1# - ENTRADA AGREGADA--NOMBRE PERSONAL
Nombre de persona Rozman, C. (
Fechas asociadas al nombre 1929-)
9 (RLIN) 100259
700 1# - ENTRADA AGREGADA--NOMBRE PERSONAL
Nombre de persona Mazzei, Egidio S.
9 (RLIN) 79499
852 ## - LOCALIZACIÓN
Ubicación ES-MaACL
Número de control de estantería C-14087
Sublocalización o colección R.41704
Existencias
Estatus retirado Estado de pérdida Estado de daño No para préstamo Biblioteca de origen Biblioteca actual Ubicación en estantería Fecha de adquisición Fuente de adquisición Total de préstamos Signatura topográfica completa Código de barras Visto por última vez Precio de reemplazo Tipo de ítem Koha
        Biblioteca del Ateneo de Madrid Biblioteca del Ateneo de Madrid Sala Palomar 17/01/2008     C-14087 1139345 23/02/2023 23/02/2023 Libro impreso